| 000 | 01134cas a22003614a 4500 | ||
|---|---|---|---|
| 005 | 20260322212006.0 | ||
| 008 | data | ||
| 010 |
_a 2006206019 _z 99040297 |
||
| 012 | _a-3-7-0609130268-p----- a | ||
| 020 | _a0792274318 | ||
| 020 | _a9780792274315 | ||
| 037 |
_bNational Geographic Society, 1145 17th St., NW, Washington, DC 20036 _c{dollar}27.95 (pbk.) |
||
| 040 |
_aOCo _cOCo _dDLC _dCaBVa _dDLC |
||
| 042 |
_ansdp _ansdp |
||
| 043 | _au-at--- | ||
| 050 | 0 | 0 |
_aDU95 _b.N34 |
| 082 | 0 | 4 |
_a919.4 _bN277 |
| 092 | _a919.404 N34 1999 | ||
| 222 | 4 | _aThe National Geographic traveler. Australia | |
| 245 | 1 | 0 |
_aNational Geographic traveler. _pAustralia. |
| 246 | 3 | 0 | _aNational Geographic traveler |
| 246 | 3 | 0 | _aAustralia |
| 260 |
_aWashington, DC : _bNational Geographic Society, _c1999- |
||
| 300 |
_av. : _bcol. ill., col. maps ; _c22 cm. |
||
| 310 |
_aQuadrennial, _b2005- |
||
| 321 |
_aTriennial, _b1999-2001 |
||
| 362 | 0 | _a1999- | |
| 500 | _aLatest issue consulted: 2nd ed. (2005). | ||
| 650 | 0 |
_aAustralia _vGuidebooks |
|
| 651 | 0 |
_aAustralia _vGuidebooks. |
|
| 720 | 2 | _aNational Geographic Society (U.S.) | |
| 001 | data | ||
| 999 |
_c99 _d99 |
||